000 00590nam a22001937a 4500
003 CEME
005 20210628201719.0
008 210215b xxu||||| |||| 00| 0 eng d
020 _a81-7808-249-7
040 _c.
082 _a005.1 SED
100 _aSedgewick, Robert
_956482
245 _aAlgorithms in c plus plus fundamentals, data sturctures, sorting, searching
250 _a3RD
260 _aINDIA
_bADDISON WESLEY
_c2001
300 _aXIX,713P
650 _aALGORITHMS FUNDAMENTALS ALGORITHMS DATA STURCTURES ALGORITHMS SORTING ALGORITHMS SEARCHING
_956483
942 _cBK
_2ddc
999 _c566880
_d566880